000 01006cam a2200217 4500
001 WB3906-09
008 030211n2003 000 0 eng u
035 _a(Sirsi) u121318
245 _aMore help to adapt homes of disabled people
260 _c2003
490 _aODPM News Release
_v(ODPM-19) 10 February 2003 (2)
520 _aGovernment has announced a large rise in next year's Disabled facilities grant (DFG) budget to £99m - up £11m. The grants are allocated through local authorities. Disabled people in all housing tenures can apply for grants to help pay for adaptations for better access in their own homes. http://www.gnn.gov.uk/gnn/national.nsf/Daily+News/AFBFE0901EECF91C80256CC9003E7A6D?opendocument.
590 _aWB
650 _aDISABLED FACILITIES GRANT
650 _aGRANTS
650 _aMANAGEMENT-BUSINESS MANAGEMENT-DISCRIMINATION-DISABILITY DISCRIMINATION-ACCESSIBILITY
650 _aLOCAL AUTHORITIES
650 _aCOMMUNITY CARE
690 _aHOUSING
942 _n0
999 _c72091
_d72091